00523nam a2200169Ia 4500100002000000650001500020942000700035366000700042654001600049245004200065260004000107082001700147300000800164546001200172999001700184952015200201 aRego/Atul John  aPhilosophy cBK f25 apersonality aHow to develop a Pleasing Personality bBetter Yourself BooksaBandrac2000 a170/REGbREG a144 aENGLISH c31485d31485 001040708CRCaCRCEbCRCEd2023-03-17eBetter Yourself Booksg25.00i1028 dt 04/09/2007l0o170/REG REGp17760r2023-03-17v50.00w0000-00-00yBK